| 000 | 00387nam a22001457a 4500 | ||
|---|---|---|---|
| 999 |
_c2503 _d2503 |
||
| 008 | 200306b ||||| |||| 00| 0 eng d | ||
| 082 | 0 | 0 |
_a005.432 _bM6211 |
| 100 |
_92097 _aMichael, R.K. |
||
| 245 | 1 | 0 |
_aMastering UNIX shell scripting / _cRandal K. Michael |
| 250 | _a2nd ed. | ||
| 260 |
_aNew York: _bWiley, _c2009. |
||
| 300 | _axxx,1002 p. | ||
| 650 | 0 | _aOperating Systems | |
| 942 | _cBK | ||